000 00553nam a2200229Ia 4500
008 180523s9999 xx 000 0 und d
020 _a978-007-126536-2
050 _aMAIN HF 5635
050 _b.A58 2007 c.2
100 _aAnthony, Robert N.
245 0 _aAccounting :
245 0 _btext and cases /
245 0 _cRobert N. Anthony.
250 _a12th Edition
260 _aCanada :
260 _bMcGraw-Hill,
260 _c2007
300 _a933 pages :
300 _billustrations ;
300 _c25 cm.
500 _aIncludes index.
999 _c357184
_d357184